| 000 | 00880nam a2200229Ia 4500 | ||
|---|---|---|---|
| 001 | dia_1150 | ||
| 003 | CHAP | ||
| 005 | 20230126103409.0 | ||
| 008 | 220117s1973 xx 000 0 und d | ||
| 010 | _a171697 | ||
| 040 | _cCHAP | ||
| 082 | _a381.419813 B72 | ||
| 110 |
_aBrasil. Departamento de Agricultura e Abastecimento. _9150163 |
||
| 245 |
_aEstudo de Mercado de Productos Agropecuarios do Nordeste: Abacaxi, Banana, Cajusuco de Frutas / _c por el Departamento de Agricultura e Abastecimento. |
||
| 260 |
_aBrasil. S.I. _c1973 |
||
| 300 | _a206 p. | ||
| 610 |
_a1.Piña-Mercado-Brasil/ 2.Plátano-Mercado-Brasil / 3.Marañón-Mercado-Brasil./ 4.Jugos de Frutas/ 5.Productos Agrícolas-Mercadotecnía-Brasil. i.t. _9150164 |
||
| 901 | _a381.419813 B72 | ||
| 902 | _aM | ||
| 905 | _a0000001973 BRAX 0000000000POR00 | ||
| 942 |
_cLIBRO _2ddc |
||
| 999 |
_c171697 _d171697 |
||